[Event "HEM-Meister"]
[Site "Hamburg"]
[Date "2024.05.26"]
[Round "9.1"]
[White "Malchereck, Zion"]
[Black "Wenzel, Birger"]
[Result "1-0"]
[WhiteElo "1968"]
[BlackElo "2055"]
[Annotator "Wolff,Stefan"]
[PlyCount "71"]
[EventDate "2024.??.??"]
[WhiteTeam "Hamburger SK von 1830 eV"]
[BlackTeam "SK Johanneum Eppendorf"]

1. e4 {[%emt 0:00:00]} c6 2. d4 d5 3. f3 Qb6 4. Nc3 dxe4 5. fxe4 e5 6. dxe5 Be6
7. Nf3 Nd7 8. a3 O-O-O 9. Bd3 Ne7 10. b4 Ng6 11. Na4 Qc7 12. O-O Ndxe5 13. Nxe5
Qxe5 14. Bb2 Qg5 15. Qc1 Qh5 16. Qe3 Bd6 17. h3 Bb8 18. Nc5 Rhe8 19. Nxe6 Rxe6
20. Be2 Qh4 21. Bg4 Ne5 22. Bxe6+ fxe6 23. Bxe5 Bxe5 24. Rad1 Bc7 25. Rxd8+
Qxd8 26. Qd3 Qe7 27. Qf3 Qg5 28. Qf8+ Bd8 29. Rd1 h5 30. Qd6 Bb6+ 31. Kh1 a6
32. Qxe6+ Kb8 33. Qf5 Qg3 34. Qf3 Qe5 35. g3 h4 36. Qf4 1-0

[Event "HEM-Meister"]
[Site "Hamburg"]
[Date "2024.05.26"]
[Round "9.2"]
[White "Bracker, Arne"]
[Black "Rolf, Marco"]
[Result "1/2-1/2"]
[WhiteElo "2289"]
[BlackElo "2051"]
[PlyCount "122"]
[EventDate "2024.??.??"]
[WhiteTeam "Hamburger SK von 1830 eV"]
[BlackTeam "TV Fischbek Suederelbe"]

1. e4 e6 2. d4 d5 3. Nc3 Nf6 4. e5 Nfd7 5. f4 c5 6. Nf3 Nc6 7. Be3 Be7 8. Qd2
O-O 9. dxc5 Nxc5 10. Be2 b6 11. O-O f6 12. exf6 Bxf6 13. Rad1 Bb7 14. a3 Rc8
15. b4 Ne4 16. Nxe4 dxe4 17. Qe1 Qe8 18. Ng5 Ne7 19. Nxe6 Nf5 20. Nxf8 Nxe3 21.
Nd7 Bc3 22. Qg3 Nxf1 23. Kxf1 e3 24. Rd3 Ba6 25. Rxc3 Bxe2+ 26. Kxe2 Qxd7 27.
Rxc8+ Qxc8 28. Qxe3 Qxc2+ 29. Kf1 Kf7 30. h3 h5 31. Kg1 Qd1+ 32. Kh2 Qd5 33.
Kg3 g6 34. Qf3 Qd4 35. Qb7+ Kf6 36. Qc6+ Kf7 37. Qa8 Qe3+ 38. Qf3 Qd4 39. Kh2
Kf6 40. Qg3 Qe4 41. Qf2 Kf5 42. Kg3 Qc4 43. Qe3 h4+ 44. Kf2 Qxf4+ 45. Qxf4+
Kxf4 46. b5 Ke4 47. g3 Kd5 48. gxh4 Kc5 49. Kg3 Kxb5 50. Kg4 Ka4 51. Kg5 Kxa3
52. Kxg6 b5 53. h5 b4 54. h6 b3 55. h7 b2 56. h8=Q b1=Q+ 57. Kf7 Qb7+ 58. Kg6
Qg2+ 59. Kf5 Qf3+ 60. Kg5 Qg3+ 61. Kf5 Qf3+ 1/2-1/2

[Event "HEM-Meister"]
[Site "Hamburg"]
[Date "2024.05.26"]
[Round "9.3"]
[White "Mandelkow, Elias"]
[Black "Schell, Franz Jürgen"]
[Result "1-0"]
[WhiteElo "1870"]
[BlackElo "1996"]
[PlyCount "125"]
[EventDate "2024.??.??"]
[WhiteTeam "Hamburger SK von 1830 eV"]
[BlackTeam "Bramfelder SK 1947 e.V."]

1. d4 Nf6 2. c4 c5 3. Nf3 cxd4 4. Nxd4 e5 5. Nb5 d5 6. cxd5 Bc5 7. N5c3 O-O 8.
e3 Bf5 9. Bc4 Nbd7 10. O-O a6 11. a4 Rc8 12. Bb3 e4 13. Bc2 Re8 14. f3 Qb6 15.
fxe4 Bxe3+ 16. Bxe3 Qxe3+ 17. Kh1 Bxe4 18. Bxe4 Nxe4 19. Nxe4 Rxe4 20. Nc3 Rd4
21. Qe1 Re8 22. Qxe3 Rxe3 23. Rae1 Rxe1 24. Rxe1 Kf8 25. Kg1 Rd2 26. b4 Nf6 27.
Rc1 Ke7 28. b5 a5 29. b6 Rb2 30. d6+ Kd7 31. Nb5 Ne8 32. Re1 Nxd6 33. Rd1 Rxb5
34. axb5 Ke6 35. Ra1 Nxb5 36. Rxa5 Nd6 37. Rc5 Ne8 38. Kf2 Kd6 39. Rc2 Kd7 40.
Ke3 Kd6 41. Kd4 f5 42. Ke3 Nf6 43. Kf4 Nd5+ 44. Kg5 f4 45. h4 Nxb6 46. Kxf4
Nd5+ 47. Ke4 Nf6+ 48. Kf5 b6 49. g4 Nd7 50. Rd2+ Ke7 51. Re2+ Kf7 52. g5 g6+
53. Kf4 Nc5 54. Ke5 Ke7 55. Ra2 Nd3+ 56. Ke4 Nc5+ 57. Kd5 Nd7 58. Ra7 Ke8 59.
Kd6 Nf8 60. Rb7 b5 61. Rxb5 Nd7 62. Rb7 Nf8 63. Rc7 1-0

[Event "HEM-Meister"]
[Site "Hamburg"]
[Date "2024.05.26"]
[Round "9.5"]
[White "Mondorf, Karl-Josef"]
[Black "Keyser, Robin"]
[Result "0-1"]
[WhiteElo "1849"]
[BlackElo "2194"]
[PlyCount "72"]
[EventDate "2024.??.??"]
[WhiteTeam "Volksdorfer SK 1948"]
[BlackTeam "SK Johanneum Eppendorf"]

1. Nf3 d5 2. b3 Nf6 3. Bb2 e6 4. e3 Be7 5. c4 O-O 6. Be2 dxc4 7. bxc4 c5 8. Ne5
Nfd7 9. O-O Nxe5 10. Bxe5 Nc6 11. Bc3 e5 12. Qc2 Be6 13. f4 exf4 14. Rxf4 Bd6
15. Qe4 Bxf4 16. Bd3 g6 17. Qxf4 f6 18. Be4 Rc8 19. d3 Qc7 20. Qh6 Qg7 21. Qf4
Ne5 22. Nd2 Rcd8 23. Nb3 b6 24. d4 cxd4 25. exd4 Nxc4 26. Bb4 Rfe8 27. d5 Bd7
28. Bxg6 Qxg6 29. Qxc4 Qe4 30. Qc3 Qe3+ 31. Qxe3 Rxe3 32. Rf1 f5 33. Nd4 a5 34.
Be1 Bc8 35. Kf2 Re4 36. Nc6 Rxd5 0-1